ბათუმის შოთა რუსთაველის სახელმწიფო უნივერსიტეტის ბიბლიოთეკა

Molecular biology of the gene / (ბიბ.ჩანაწერი № 57443)

000 -LEADER
fixed length control field 00864cam a2200217 i 4500
001 - CONTROL NUMBER
control field 17585063
005 - DATE AND TIME OF LATEST TRANSACTION
control field 20220922121425.0
008 - FIXED-LENGTH DATA ELEMENTS--GENERAL INFORMATION
fixed length control field 130109s2017 maua b 001 0 eng
020 ## - INTERNATIONAL STANDARD BOOK NUMBER
International Standard Book Number 9789332585478
080 ## - UNIVERSAL DECIMAL CLASSIFICATION NUMBER
Universal Decimal Classification number 577.2 M-79
245 00 - TITLE STATEMENT
Title Molecular biology of the gene /
Statement of responsibility, etc. James D. Watson, Tania A. Baker, Alexander Gann, Michael Levine, Richard Losik,
250 ## - EDITION STATEMENT
Edition statement Seventh edition
264 #1 - PRODUCTION, PUBLICATION, DISTRIBUTION, MANUFACTURE, AND COPYRIGHT NOTICE
Place of production, publication, distribution, manufacture Boston :
Name of producer, publisher, distributor, manufacturer Pearson,
Date of production, publication, distribution, manufacture, or copyright notice 2017.
300 ## - PHYSICAL DESCRIPTION
Extent 872 pages :
Other physical details illustrations ;
Dimensions 28 cm.
653 ## - INDEX TERM--UNCONTROLLED
keyword მედიცინა
653 ## - INDEX TERM--UNCONTROLLED
keyword მოლეკულური ბიოლოგია
700 1# - ADDED ENTRY--PERSONAL NAME
Personal name Watson, James D.,
Dates associated with a name 1928-
9 (RLIN) 7287
906 ## - LOCAL DATA ELEMENT F, LDF (RLIN)
a 7
b cbc
c orignew
d 1
e ecip
f 20
g y-gencatlg
942 ## - ADDED ENTRY ELEMENTS (KOHA)
Source of classification or shelving scheme
Koha item type წიგნი
ეგზემპლარები
Withdrawn status Lost status Source of classification or shelving scheme Damaged status Not for loan Permanent Location Current Location Shelving location Date acquired Cost, normal purchase price Full call number Barcode Date last seen Copy number Price effective from Koha item type Public note
          ბათუმის შოთა რუსთაველის სახელმწიფო უნივერსიტეტის მთავარი ბიბლიოთეკა ბათუმის შოთა რუსთაველის სახელმწიფო უნივერსიტეტის მთავარი ბიბლიოთეკა წიგნსაცავი 2020-06-22 222.00 577.2 M-79 60640 2020-06-22 60640 2020-06-22 წიგნი 222 ლ.